Cálculo superior

Saved in:
Bibliographic Details
Main Author: Spiegel, Murray R (Author)
Format: Book
Language:Spanish
Published: Ciudad de México McGraw-Hill 1970
Series:Schaum
Subjects:
Tags: Add Tag
No Tags, Be the first to tag this record!

MARC

LEADER 00000nam a2200000 a 4500
001 UCY2407
003 CL-VaPUC
008 941024e19700000MX |||||||||||||||||spa|d
082 0 4 |a 515  |b SPI  |2 21 
100 0 |a Spiegel, Murray R  |e author  |9 366 
245 1 0 |a Cálculo superior 
300 |a 381 p 
942 |c BK 
945 |d 19941024 00:00:00  |a mfernand 
260 |a Ciudad de México  |b McGraw-Hill  |c 1970 
650 0 |a Cálculo  |9 260234 
583 |a last modification  |c 20130517 10:32:08  |k Rodrigo Vera 
490 0 |a Schaum 
999 |c 230821  |d 230819 
952 |0 0  |1 0  |4 0  |6 515_000000000000000_SPI_1970  |7 0  |8 A  |9 233366  |a BIBCUR  |b BIBCUR  |d 2019-11-15  |i 3029077  |l 6  |o 515 SPI 1970  |p 3029077  |r 2025-04-22  |s 2025-04-09  |w 2019-11-15  |y BK  |k BCB 
952 |0 0  |1 0  |2 ddc  |4 0  |6 515_000000000000000_SPI_1970  |7 0  |8 A  |9 233367  |a BIBING  |b BIBING  |c RES  |d 2019-11-15  |i 3257304  |o 515 SPI 1970  |p 3257304  |r 2025-01-20  |w 2019-11-15  |y BK  |k TRA 
952 |0 0  |1 0  |2 ddc  |4 0  |6 515_000000000000000_SPI_1970  |7 0  |8 A  |9 233368  |a BIBING  |b BIBING  |c RES  |d 2019-11-15  |i 3257312  |o 515 SPI 1970  |p 3257312  |r 2025-01-20  |w 2019-11-15  |y BK  |k TRA 
952 |0 0  |1 0  |2 ddc  |4 0  |6 515_000000000000000_SPI_1970  |7 0  |8 A  |9 233369  |a BIBING  |b BIBING  |c RES  |d 2019-11-15  |i 3257320  |o 515 SPI 1970  |p 3257320  |r 2025-01-20  |w 2019-11-15  |y BK  |k TRA 
952 |0 0  |1 0  |2 ddc  |4 0  |6 515_000000000000000_SPI_1970  |7 0  |8 A  |9 233370  |a BIBING  |b BIBING  |c RES  |d 2019-11-15  |i 3257339  |o 515 SPI 1970  |p 3257339  |r 2025-01-20  |w 2019-11-15  |y BK  |k TRA 
952 |0 0  |1 0  |2 ddc  |4 0  |6 515_000000000000000_SPI_1970  |7 0  |8 A  |9 233371  |a BIBING  |b BIBING  |c RES  |d 2019-11-15  |i 3257347  |o 515 SPI 1970  |p 3257347  |r 2025-01-20  |w 2019-11-15  |y BK  |k TRA 
952 |0 0  |1 0  |2 ddc  |4 0  |6 515_000000000000000_SPI_1970  |7 0  |8 A  |9 233372  |a BIBING  |b BIBING  |c RES  |d 2019-11-15  |i 3346587  |o 515 SPI 1970  |p 3346587  |r 2025-01-20  |w 2019-11-15  |y BK  |k ING 
952 |0 0  |1 0  |2 ddc  |4 0  |6 515_000000000000000_SPI_1970  |7 0  |8 A  |9 233373  |a BIBING  |b BIBING  |c RES  |d 2019-11-15  |i 3346595  |o 515 SPI 1970  |p 3346595  |r 2025-01-20  |w 2019-11-15  |y BK  |k ING 
952 |0 0  |1 0  |2 ddc  |4 0  |6 515_000000000000000_SPI_1970  |7 0  |8 A  |9 233374  |a BIBING  |b BIBING  |c RES  |d 2019-11-15  |i 3346609  |o 515 SPI 1970  |p 3346609  |r 2025-01-20  |w 2019-11-15  |y BK  |k ING 
952 |0 0  |1 0  |2 ddc  |4 0  |6 515_000000000000000_SPI_1970  |7 0  |8 A  |9 233375  |a BIBING  |b BIBING  |c RES  |d 2019-11-15  |i 3347060  |o 515 SPI 1970  |p 3347060  |r 2025-01-20  |w 2019-11-15  |y BK  |k ING 
952 |0 0  |1 0  |2 ddc  |4 0  |6 515_000000000000000_SPI_1970  |7 0  |8 A  |9 233376  |a BIBING  |b BIBING  |c RES  |d 2019-11-15  |i 3347079  |o 515 SPI 1970  |p 3347079  |r 2025-01-20  |w 2019-11-15  |y BK  |k ING 
952 |0 0  |1 0  |2 ddc  |4 0  |6 515_000000000000000_SPI_1970  |7 0  |8 A  |9 233377  |a BIBING  |b BIBING  |c RES  |d 2019-11-15  |i 3478106  |o 515 SPI 1970  |p 3478106  |r 2025-01-20  |w 2019-11-15  |y BK  |k ING 
952 |0 0  |1 0  |2 ddc  |4 0  |6 515_000000000000000_SPI_1991  |7 0  |8 A  |9 233378  |a BIBALI  |b BIBALI  |c GEN  |d 2019-11-15  |i 3551164  |o 515 SPI 1991  |p 3551164  |r 2025-01-20  |w 2019-11-15  |y BK  |k ALI 
952 |0 0  |1 0  |4 0  |6 515_000000000000000_SPI_1970  |7 0  |8 CCM  |9 233379  |a BIBCUR  |b BIBCUR  |d 2019-11-15  |i 3551172  |l 15  |m 6  |o 515 SPI 1970  |p 3551172  |r 2025-04-22  |s 2025-04-08  |w 2019-11-15  |y BK  |k RNT 
952 |0 0  |1 0  |2 ddc  |4 0  |6 515_000000000000000_SPI_1991  |7 0  |8 A  |9 233380  |a BIBALI  |b BIBALI  |c GEN  |d 2019-11-15  |i 3551199  |o 515 SPI 1991  |p 3551199  |r 2025-01-20  |w 2019-11-15  |y BK  |k ALI 
952 |0 0  |1 0  |2 ddc  |4 0  |6 515_000000000000000_SPI_1970  |7 0  |8 CCM  |9 233382  |a BIBCUR  |b BIBCUR  |c PAC  |d 2019-11-15  |i 3551210  |o 515 SPI 1970  |p 3551210  |r 2025-04-22  |w 2019-11-15  |y BK  |k RNT 
952 |0 0  |1 0  |2 ddc  |4 0  |6 515_000000000000000_SPI_1991  |7 0  |8 A  |9 233384  |a BIBALI  |b BIBALI  |c GEN  |d 2019-11-15  |i 3551237  |o 515 SPI 1991  |p 3551237  |r 2025-01-20  |w 2019-11-15  |y BK  |k ALI 
952 |0 0  |1 0  |4 0  |6 515_000000000000000_SPI_1970  |7 0  |8 A  |9 233385  |a BIBMEC  |b BIBMEC  |d 2019-11-15  |i 3685306  |o 515 SPI 1970  |p 3685306  |r 2024-01-19  |w 2019-11-15  |y BK  |k MEC 
952 |0 0  |1 0  |4 0  |6 515_000000000000000_SPI_1970  |7 0  |8 A  |9 233386  |a BIBMEC  |b BIBMEC  |d 2019-11-15  |i 4038320  |o 515 SPI 1970  |p 4038320  |r 2024-01-19  |w 2019-11-15  |y BK  |k MEC